Historia de la Congregación de las Hermanas de la Providencia de Chile. Tomo I-III
Bewaard in:
| Coauteur: | |
|---|---|
| Formaat: | Boek |
| Taal: | Spaans |
| Gepubliceerd in: |
Santiago
Imprenta de San José, Casa central de la Providencia
1899
|
| Editie: | 1a. ed |
| Onderwerpen: | |
| Tags: |
Voeg label toe
Geen labels, Wees de eerste die dit record labelt!
|
MARC
| LEADER | 00000nam a2200000 a 4500 | ||
|---|---|---|---|
| 001 | UCJ6162 | ||
| 003 | CL-VaPUC | ||
| 008 | 070124e18990319CL |||||||||||||||||spa|d | ||
| 082 | 0 | 4 | |a 282 |b CON |2 21 |
| 110 | 2 | |a Congregación de las Hermanas de la Providencia |e author |9 512505 | |
| 245 | 1 | 0 | |a Historia de la Congregación de las Hermanas de la Providencia de Chile. Tomo I-III |
| 250 | |a 1a. ed | ||
| 300 | |a 3 v | ||
| 942 | |c BK | ||
| 945 | |d 20070124 00:00:00 |a rinostro | ||
| 260 | |a Santiago |b Imprenta de San José, Casa central de la Providencia |c 1899 | ||
| 500 | |a Epígrafe tomado del Salmo IX. Estampita de la Santísima Virgen | ||
| 600 | 0 | 7 | |a HERMANAS DE LA PROVIDENCIA |2 CL-VaPUC |9 512506 |
| 600 | 0 | 7 | |a AGUIRRE, SABINA |2 CL-VaPUC |9 512507 |
| 600 | 0 | 7 | |a LEITON, JOSE SANTOS |2 CL-VaPUC |9 512508 |
| 600 | 0 | 7 | |a VALLEDOR, JOAQUIN |2 CL-VaPUC |9 512509 |
| 600 | 0 | 7 | |a TEVERNIER, EMILIA |2 CL-VaPUC |9 512510 |
| 600 | 0 | 7 | |a GAMELIN, JUAN BAUTISTA |2 CL-VaPUC |9 512511 |
| 650 | 0 | |a Órdenes religiosas |9 257499 | |
| 650 | 0 | |a Iglesia Católica |9 256114 | |
| 650 | 0 | |a Constituciones |9 255417 | |
| 650 | 0 | |a Beneficencia |9 255180 | |
| 650 | 0 | |a Problemas sociales |9 258537 | |
| 650 | 0 | |a Pobreza |9 258652 | |
| 650 | 7 | |a HUERFANOS |2 CL-VaPUC |9 338327 | |
| 650 | 7 | |a LAZARETOS |2 CL-VaPUC |9 508304 | |
| 650 | 0 | |a Hospitales |9 335788 | |
| 650 | 7 | |a BIOGRAFIA |2 CL-VaPUC |9 504622 | |
| 650 | 7 | |a DOCUMENTOS |2 CL-VaPUC |9 366450 | |
| 651 | 7 | |a CANADA |2 CL-VaPUC |9 512512 | |
| 651 | 0 | |a Santiago |9 265444 | |
| 651 | 0 | |a Limache |9 364999 | |
| 651 | 0 | |a La Serena |9 313924 | |
| 651 | 7 | |a LINARES |2 CL-VaPUC |9 319272 | |
| 651 | 0 | |a Concepción |9 254982 | |
| 651 | 7 | |a TEMUCO |2 CL-VaPUC |9 360247 | |
| 651 | 0 | |a Valparaíso, Chile |9 261144 | |
| 583 | |a last modification |c 20070124 00:00:00 |k Rodrigo Vera | ||
| 999 | |c 322270 |d 322268 | ||
| 952 | |0 0 |1 0 |4 0 |6 282_000000000000000_CON_1899 |7 0 |8 X |9 401222 |a FDOBUD |b FDOBUD |d 2019-11-22 |h v.1 |i 1044567 |o 282 CON 1899 |p 1044567 |r 2019-11-22 |w 2019-11-22 |y BK_X |k BUD | ||
| 952 | |0 0 |1 0 |4 0 |6 282_000000000000000_CON_1899 |7 0 |8 X |9 401223 |a FDOBUD |b FDOBUD |d 2019-11-22 |h v.2 |i 1044575 |o 282 CON 1899 |p 1044575 |r 2019-11-22 |w 2019-11-22 |y BK_X |k BUD | ||
| 952 | |0 0 |1 0 |4 0 |6 282_000000000000000_CON_1899 |7 0 |8 X |9 401224 |a FDOBUD |b FDOBUD |d 2019-11-22 |h v.3 |i 1044583 |o 282 CON 1899 |p 1044583 |r 2019-11-22 |w 2019-11-22 |y BK_X |k BUD | ||